000 01641nam a2200349 i 4500
001 193113
003 ES-MaACL
005 20240708063025.0
007 ta
008 230821s1995 it c 000 spa d
020 _a8881580098
035 _aRebiun28421646
040 _aUSA.SABUS.
_dUNAV
_duned
_bspa
_cES-MaACL
080 _a7
100 1 _aHaring, Keith
_9233965
245 1 0 _aKeith Haring :
_b[catálogo de la exposición celebrada en Castello di Rivoli, Museo d'arte contemporanea, 3 febrero-30 abril 1994 ; Malmö, Malmö Konsthall, 6 junio-21 agosto 1994 ; Hamburgo, Deichtorhallen, 8 septiembre-13 noviembre 1994 ; Tel Aviv, Tel Aviv Museum of Art, 8 diciembre 1994-18 marzo 1995 ; Madrid, Fundación "la Caixa", 28 abril-16 julio 1995] /
_ccomisario de la exposición, Germano Celant ; dirección del catálogo Germano Celant, Ida Gianelli
260 _aMilán :
_bCharta,
_ccop. 1995
300 _a260 p. :
_bil. col. ;
_c28 cm
336 _2rdacontent
_aTexto
337 _2rdamedia
_asin mediación
338 _2rdacarrier
_avolumen
500 _aEn contraportada.: Fundación "La Caixa"
500 _aCatalogación provisional. Signatura: N 8609. Depósito J.
600 1 7 _aHaring, Keith
_9233965
_vExposiciones
655 7 _9193628
_aCatálogos de exposiciones
852 _aES-MaACL
_9200425
_bR.151925
_jN-8609
_cDEPOJ
_hDonación: Editorial
_zEn proceso
942 _n0
_cMONOGRAFIA
999 _c193113
_d193113